000 01775nam a2200373 i 4500
003 EG-GICUC
005 20260507171225.0
008 260507s2001 ua ||||fr|||| 00| 0 ara d
017 _a2000/19616
040 _a EG-GICUC
_bara
_c EG-GICUC
_d EG-GICUC
_erda
041 0 _aara
082 0 4 _221
_a345.3231
_bف ا . م
092 0 4 _221
099 _aLaw1 07 342.3231 ف ا . م 1 ed - 2001
100 0 _aفارس محمد عمران
_eمؤلف.
245 1 0 _aمدى قانونية أمر نائب الحاكم العسكري العام بحظر إقامة ميان أو منشآت على أراضي زراعية :
_bدراسة علمية عملية مقارنة ببعض القوانين الصادرة في شأن الزراعة والبناء /
_cفارس محمد عمران ؛ محمود عاطف البنا ؛ عمرو فؤاد بركات ؛ د رمضان محمد بطيخ ؛ محمد عبد العال السناري.
250 _aالطبعة الأولى
264 1 _aالقاهرة :
_bدار النهضة العربية،
_c2001
300 _a208 ؛ صفحة
_c24 سم.
336 _2rda content
_atext
337 _2rda media
_aComputer
338 _2rda carrier
_aOnline Resource
504 _a.202-204 ببليوجرافيا: صفحات
546 _aالنص باللغة العربية
650 1 4 _2القانون الإداري
650 1 4 _2المرفق العامة الإدارية
700 _a محمود عاطف البنا
_eمقدم.
700 _aعمرو فؤاد بركات
_eمراجع.
700 _aرمضان محمد بطيخ
_eمراجع.
700 _aمحمد عبد العال السناري
_eمراجع.
856 4 0 _uhttps://fll.law.cu.edu.eg/fulltext/bks/B08-01720.pdf
905 _a77
942 _2ddc
_cREF
_e21
_n0
999 _c76201
_d76201